Η συναισθηματική νοημοσύνη : γιατί το "EQ" είναι πιο σημαντικό απο το "IQ";

Αποθηκεύτηκε σε:
Λεπτομέρειες βιβλιογραφικής εγγραφής
Κύριος συγγραφέας: Goleman, Daniel
Άλλοι συγγραφείς: Νέστορος, Ιωάννης Ν., 1948- (Επιμελητής έκδοσης), Ξενάκη, Χρύσα (edtf), Παπασταύρου, Άννα, 1956- (trlf)
Μορφή: Βιβλίο
Γλώσσα:Greek
English
Δημοσίευση: Αθήνα : Ελληνικά Γράμματα, 1998.
Θέματα:
Ετικέτες: Προσθήκη ετικέτας
Δεν υπάρχουν, Καταχωρήστε ετικέτα πρώτοι!

MARC

LEADER 00000cam a2200000 i 4500
001 1/25903
008 980428s1998 gr | ||| |||| ||gre||
020 |a 9603442305  
035 |l 10068151 
040 |a GR-MyUa  |b gre  |e AACR2 
041 1 |a gre  |h eng 
082 7 |a 152.4   |2 (23) 
100 1 |a Goleman, Daniel. 
245 1 2 |a Η συναισθηματική νοημοσύνη :   |b γιατί το "EQ" είναι πιο σημαντικό απο το "IQ"; /   |c Daniel Goleman ; μετάφραση Άννα Παπασταύρου ; επιμέλεια Ιωάννης Ν. Νέστορος, Χρύσα Ξενάκη.  
260 |a Αθήνα :   |b Ελληνικά Γράμματα,   |c 1998.  
300 |a 462 σ. ;   |c 24 εκ.  
500 |a Τίτλος πρωτοτύπου: Emotional intelligence 
504 |a Περιέχει βιβλιογραφικές παραπομπές 
650 0 |a Emotional intelligence. 
700 1 |a Νέστορος, Ιωάννης Ν.,   |d 1948-  |e edt 
700 1 |a Ξενάκη, Χρύσα,  |e edtf 
700 1 |a Παπασταύρου, Άννα,   |d 1956-  |e trlf 
852 |a INST  |b LESVOS  |e 19980428  |h 152.4 GOL  |p 005100014478  |q 005100014478  |t BK  |y 0 
852 |a INST  |b LESVOS  |e 20140514  |h 152.4 GOL  |p 005100054185  |q 005100054185  |t BK  |y 0 
852 |a INST  |b RHODES  |e 19980429  |h 152.4 GOL  |p 005400010698  |q 005400010698  |t BK  |y 0 
852 |a INST  |b RHODES  |e 20030723  |h 152.4 GOL  |p 005400020428  |q 005400020428  |t BK  |y 0 
852 |a INST  |b SAMOS  |e 20020726  |h 152.4 GOL  |p 005300020026  |q 005300020026  |t BK  |y 0 
852 |a INST  |b SYROS  |e 20231013  |h 152.4 GOL  |p 005500016108  |q 005500016108  |t BK  |y 0 
901 |a BIBL3-2002-2 
901 |a BIBL-1998-2 
901 |a BIBL-1998-1 
901 |a BIBL1-2014-2 
922 |a 1ΕΛΗ  |b 199802  |c ΚΠΣ/ΤΚ  |d EMVASIS 
950 |a 103-1998-02-16 
970 |a ΜΑΛΑΓΑΡΗ  |b ΦΩΤΕΙΝΗ  |z 2002/07/26